Adkin's landlord and tenant

Bibliographic Details
Main Author: Walton, Raymond
Other Authors: Essayen, Michael
Format: Book
Published: London : Estate Gazette , 1973
Edition:17th ed.
Subjects:

MARC

LEADER 00000cam a2200000 7i4500
001 0000008870
005 20161102.0
040 |a INS 
090 0 0 |a KD899   |b A735 1973 
100 1 |a Walton, Raymond   |f Sir 
245 1 0 |a Adkin's landlord and tenant   |c by Sir Raymond Walton and Michael Essayan 
250 |a 17th ed. 
260 |a London :   |b Estate Gazette ,   |c 1973 
300 |a 453p. ;   |c 22 cm. 
650 0 0 |a Landlord and tenant 
700 1 |a Essayen, Michael 
999 |a 0000024158   |b BOOK   |c Open Shelf   |e Default branch 
999 |a 0000024182   |b BOOK   |c Open Shelf   |e Default branch